000 00552nam a2200205Ia 4500
005 20250508164700.0
008 008 250505s9999 xx 000 0 hin d
020 _a81-7028-100-8
037 _aReference
040 _aFEDL
_beng
_cFEDL
041 _ahin
_2hin
084 _a423-9143, BAH/RR
_qFEDL
100 _aBahri Hardev
245 0 _aEnglish-hindi shabdakosh
260 _aDelhi, India
_bRajpal and Sons
_c2007
300 _a968p.
365 _aINR
_b250
942 _cREF
_h423-9143, BAH/RR
999 _c1390520
_d1390520